000
00304nam a22001337a 4500
008
181206b xxu||||| |||| 00| 0 eng d
020
_a
9780892033478
041
_a
eng
080
_a
617
100
_a
8
101
_a
ORT
245
_a
Orthopaedic Knowledge Update
_c
Baumgaertner,M.R
942
_2
udc
_c
BK
999
_c
52929
_d
52929